| 000 | 01186 a2200193 4500 | ||
|---|---|---|---|
| 003 | Nust | ||
| 005 | 20220812143755.0 | ||
| 010 | _a 91044475 | ||
| 020 | _a0716782472 | ||
| 040 | _cNust | ||
| 082 | 0 | 0 | _a005.133,EDG |
| 100 | 1 |
_aEdgar, Stacey L. _997020 |
|
| 245 | 1 | 0 |
_aFortran for the '90s : _bproblem solving for scientists and engineers / _cStacey L. Edgar. |
| 260 |
_aNew York : _bComputer Science Press, _cc1992. |
||
| 300 |
_axxx, 658 p. : _bill. ; _c24 cm. |
||
| 505 | _aIntroduction Computers and Programming (Page-1), Approaches to Problem Solving (Page-21), FORTRAN Building Blocks (Page- 45), Control Statement (Page-91), Repetition Structures (Page-139), Data Types in General (Page-181),Formatted Input/Output (Page-211), Arrays -Sub scripted Variables (Page- 241), Errors - A Fact of Life (Page- 299),Subprograms (Page- 323), Additional Control Statements and Data Manipulation (Page-365),File Handling and Other Advanced Input / Output (Page-399), Visual Output (Page-433)Some Interesting Application (Page- 463), Numeric Methods (Page-511), Some Closing Remarks (Page-539). | ||
| 650 | 0 |
_aFORTRAN (Computer program language) _926734 |
|
| 942 |
_cBK _2ddc _k005.133,EDG |
||
| 999 |
_c174880 _d174880 |
||